<?xml version="1.0" encoding="UTF-8"?>
<record
    xmlns:xsi="http://www.w3.org/2001/XMLSchema-instance"
    xsi:schemaLocation="http://www.loc.gov/MARC21/slim http://www.loc.gov/standards/marcxml/schema/MARC21slim.xsd"
    xmlns="http://www.loc.gov/MARC21/slim">

  <leader>01749nam a2200325   4500</leader>
  <controlfield tag="001">113826</controlfield>
  <controlfield tag="003">DR-UNIBE</controlfield>
  <controlfield tag="005">20250709085519.0</controlfield>
  <controlfield tag="008">250703b2009    dr ||||| |||| 00| 0 spa d</controlfield>
  <datafield tag="040" ind1=" " ind2=" ">
    <subfield code="a">BIBLIOTECA UNIBE</subfield>
    <subfield code="b">spa</subfield>
    <subfield code="c">BIBLIOTECA UNIBE</subfield>
    <subfield code="e">rda</subfield>
  </datafield>
  <datafield tag="041" ind1=" " ind2=" ">
    <subfield code="a">spa</subfield>
  </datafield>
  <datafield tag="082" ind1=" " ind2=" ">
    <subfield code="2">22</subfield>
    <subfield code="a"> RD 372.8 	L732t</subfield>
  </datafield>
  <datafield tag="100" ind1="1" ind2="0">
    <subfield code="a">Lima Jim&#xE9;nez, Dinorah de</subfield>
    <subfield code="9">69880</subfield>
    <subfield code="e">autor</subfield>
    <subfield code="e">propuesta psicopedag&#xF3;gica de las gu&#xED;as</subfield>
  </datafield>
  <datafield tag="100" ind1=" " ind2=" ">
    <subfield code="a">Rodr&#xED;guez Gonz&#xE1;lez, Mercedez</subfield>
    <subfield code="9">197000</subfield>
    <subfield code="e">autor</subfield>
  </datafield>
  <datafield tag="245" ind1="1" ind2="0">
    <subfield code="a">Talleres integrados de lectoescritura 1:</subfield>
    <subfield code="b">mis documentos de identidad, segundo grado /</subfield>
    <subfield code="c">Dinorah de Lima Jim&#xE9;nez,  Mercedez Rodr&#xED;guez Gonz&#xE1;lez</subfield>
  </datafield>
  <datafield tag="250" ind1=" " ind2=" ">
    <subfield code="a">tercera edici&#xF3;n</subfield>
  </datafield>
  <datafield tag="260" ind1=" " ind2=" ">
    <subfield code="a">Santo Domingo : </subfield>
    <subfield code="b">Agencia de los Estados Unidos para el Desarrollo Internacional (USAID) :</subfield>
    <subfield code="b">CETT, </subfield>
    <subfield code="c">2009</subfield>
  </datafield>
  <datafield tag="300" ind1=" " ind2=" ">
    <subfield code="a">103 p&#xE1;ginas : </subfield>
    <subfield code="b">ilustraciones , tablas ; </subfield>
    <subfield code="c">27 x 21 cm</subfield>
  </datafield>
  <datafield tag="505" ind1=" " ind2=" ">
    <subfield code="a">Introducci&#xF3;n |
Sugerencias para el uso de las gu&#xED;as |
&#xBF;Qu&#xE9; contiene la guia? |
A. Unidad tem&#xE1;tica: nuestros derechos |
B. Unidad tem&#xE1;tica: mi familia |
C. Unidad tem&#xE1;tica: mi equipo |
Referencias bibliogr&#xE1;ficas |
Anexo: plantillas de diferentes &#xE1;rboles familiares</subfield>
  </datafield>
  <datafield tag="650" ind1=" " ind2="7">
    <subfield code="2">lemb</subfield>
    <subfield code="a"> Lectura </subfield>
    <subfield code="x">Educaci&#xF3;n primaria</subfield>
    <subfield code="9">197186</subfield>
  </datafield>
  <datafield tag="650" ind1=" " ind2="7">
    <subfield code="2">lemb</subfield>
    <subfield code="a"> Comprensi&#xF3;n de lectura</subfield>
    <subfield code="x">Gu&#xED;as</subfield>
    <subfield code="9">197187</subfield>
  </datafield>
  <datafield tag="650" ind1=" " ind2="7">
    <subfield code="2">lemb</subfield>
    <subfield code="a">Escritura </subfield>
    <subfield code="x">Educaci&#xF3;n primaria </subfield>
    <subfield code="9">197188</subfield>
  </datafield>
  <datafield tag="700" ind1="1" ind2="0">
    <subfield code="a">Carrasco, Rafaela</subfield>
    <subfield code="9">196964</subfield>
    <subfield code="e">colaborador</subfield>
  </datafield>
  <datafield tag="700" ind1="1" ind2="0">
    <subfield code="a">Montenegro, Liliana</subfield>
    <subfield code="9">55076</subfield>
    <subfield code="e">colaborador</subfield>
  </datafield>
  <datafield tag="700" ind1="1" ind2="0">
    <subfield code="a">Mena, Norma</subfield>
    <subfield code="9">196965</subfield>
    <subfield code="e">colaborador</subfield>
  </datafield>
  <datafield tag="700" ind1="1" ind2="0">
    <subfield code="a">Olloqui, Marta de</subfield>
    <subfield code="9">196988</subfield>
    <subfield code="e">dise&#xF1;ador</subfield>
    <subfield code="e">diagramador</subfield>
    <subfield code="e">ilustrador</subfield>
  </datafield>
  <datafield tag="700" ind1="1" ind2="0">
    <subfield code="a">Cepeda, Frank E.</subfield>
    <subfield code="9">196989</subfield>
    <subfield code="e">dise&#xF1;ador</subfield>
    <subfield code="e">diagramador</subfield>
    <subfield code="e">ilustrador</subfield>
  </datafield>
  <datafield tag="700" ind1="1" ind2="0">
    <subfield code="a">Herrera Chez, Homero</subfield>
    <subfield code="9">196990</subfield>
    <subfield code="e">dise&#xF1;ador</subfield>
    <subfield code="e">diagramador</subfield>
    <subfield code="e">ilustrador</subfield>
  </datafield>
  <datafield tag="942" ind1=" " ind2=" ">
    <subfield code="2">ddc</subfield>
    <subfield code="c">BK</subfield>
  </datafield>
  <datafield tag="999" ind1=" " ind2=" ">
    <subfield code="c">113826</subfield>
    <subfield code="d">113826</subfield>
  </datafield>
  <datafield tag="952" ind1=" " ind2=" ">
    <subfield code="0">0</subfield>
    <subfield code="1">0</subfield>
    <subfield code="2">ddc</subfield>
    <subfield code="7">0</subfield>
    <subfield code="8">GEN-RD</subfield>
    <subfield code="a">Principal</subfield>
    <subfield code="d">2025-06-10</subfield>
    <subfield code="l">0</subfield>
    <subfield code="o"> RD 372.8 	L732t</subfield>
    <subfield code="p">250727</subfield>
    <subfield code="r">2025-07-03 14:05:16</subfield>
    <subfield code="t">Ej. 1</subfield>
    <subfield code="w">2025-07-03</subfield>
    <subfield code="y">BK</subfield>
  </datafield>
</record>
